000
00291nam a2200097Ia 4500
008
220203s9999 xx 000 0 und d
245
0
_a
Thotta suganda vilakalude rogangal: karshaka shailykal
260
_b
Rubber Research Institute of India
_a
Kottayam
_c
2011
650
_a
Extension
942
_c
PN
999
_c
45090
_d
45090